000 01092cam a2200289 4500
001 ABS65305
008 020423n2002 000 0 eng u
035 _a(Sirsi) u117646
245 _aInternational costs
260 _c2002
490 _aBuilding
_v267(8226) 22 March 2002, 67-72(8)
520 _aPresents the findings from the 10th annual Gardiner and Theobald "International construction costs survey". Provides building costs for the office, industrial, retail and residential sectors; labour rates; building material supply prices; and inflation rates and forecasts. Tables.
590 _aABS
650 _aGARDINER AND THEOBALD INTERNATIONAL CONSTRUCTION COST SURVEY
650 _aCONSTRUCTION COSTS
650 _aBUILT ENVIRONMENT-BUILDING COSTS
650 _aLABOUR RATES
650 _aBUILT ENVIRONMENT-BUILDING MATERIALS
650 _aINFLATION
650 _aRESIDENTIAL SECTOR
650 _aRETAIL SECTOR
650 _aINDUSTRIAL SECTOR
650 _aOFFICE SECTOR
650 _aINTERNATIONAL
690 _aBUILT ENVIRONMENT-BUILDING COSTS
942 _n0
999 _c70049
_d70049